| 000 | 01718cam a2200457 a 4500 | ||
|---|---|---|---|
| 999 |
_c529794 _d529794 |
||
| 001 | 14899620 | ||
| 003 | NUST | ||
| 005 | 20191003114726.0 | ||
| 008 | 070621s2007 nyu 000 1 eng | ||
| 010 | _a 2007026031 | ||
| 020 | _a9780446577397 | ||
| 020 | _a0446577391 | ||
| 035 | _a(OCoLC)ocn153772808 | ||
| 035 | _a(OCoLC)153772808 | ||
| 038 | _awaseem | ||
| 040 |
_aDLC _cDLC _dYDX _dBTCTA _dBAKER _dIK2 _dJTE _dVP@ _dDLC |
||
| 042 | _alcac | ||
| 050 | 0 | 0 |
_aPS3552.A446 _bS76 2007 |
| 082 | 0 | 0 |
_a813.54 _bBAL |
| 100 | 1 |
_aBaldacci, David. _96689 |
|
| 245 | 1 | 0 |
_aStone cold / _cDavid Baldacci. |
| 250 | _a1st ed. | ||
| 260 |
_aNew York : _bGrand Central Pub., _c2007. |
||
| 300 |
_a388 p. ; _c24 cm. |
||
| 520 | _a"Oliver Stone and the Camel Club are back in their most dangerous adventure yet, a war on two fronts"--Provided by the publisher. | ||
| 650 | 0 |
_aStone, Oliver (Fictitious character) _vFiction. _911673 |
|
| 650 | 0 |
_aCamel Club (Imaginary organization) _vFiction. _911674 |
|
| 650 | 0 |
_aSecret societies _vFiction. _95710 |
|
| 650 | 0 |
_aSwindlers and swindling _vFiction. _922610 |
|
| 650 | 0 |
_aCasinos _vFiction. _922611 |
|
| 650 | 0 |
_aIntelligence service _vFiction. _911719 |
|
| 650 | 0 |
_aMurder _vFiction. _922612 |
|
| 651 | 0 |
_aWashington (D.C.) _vFiction. _94575 |
|
| 655 | 0 |
_aPolitical fiction. _91074 |
|
| 655 | 7 |
_aSuspense fiction. _2gsafd _94577 |
|
| 856 | 4 | 2 |
_3Publisher description _uhttp://www.loc.gov/catdir/enhancements/fy0729/2007026031-d.html |
| 856 | 4 | 2 |
_3Contributor biographical information _uhttp://www.loc.gov/catdir/enhancements/fy0742/2007026031-b.html |
| 906 |
_a7 _bcbc _corignew _d1 _eecip _f20 _gy-gencatlg |
||
| 942 |
_2ddc _cBK |
||